An Analog Electronics Companion : Basic Circuit Design for Engineers and Scientists /

El objeto de esta obra es que sea útil para el diseño, análisis y manufactura de circuitos electrónicos así como el conocimiento de sus componentes con la referncia de sus propiedades físicas y de simulación. Se incluye descripción de y análisis del diseño y función de una amplia gama de sistemas an...

Descripció completa

Guardat en:
Dades bibliogràfiques
Autor principal: Hamilton, Scott (autor)
Format: Llibre
Idioma:anglès
Publicat: Cambridge, Inglaterra : Cambridge University, 2003, c2003
Matèries:
Etiquetes: Afegir etiqueta
Sense etiquetes, Sigues el primer a etiquetar aquest registre!

MARC

LEADER 00000nam^a2200000^a^4500
001 000154442
005 20250521000000.0
009 20260310100354.602
020 |a 0-521-79838-8 
037 |a Acervo ITESO - Biblioteca 
041 |a ING 
082 |a 621. 38132  |b HAM 
100 |a Hamilton, Scott  |e (autor) 
245 1 3 |a An Analog Electronics Companion :  |b Basic Circuit Design for Engineers and Scientists /  |c S. Hamilton. 
264 4 |a Cambridge, Inglaterra :  |b Cambridge University,  |c 2003, c2003 
300 |a XVIII, 648 p. +  |e 1 disco compacto de computadora 
336 |a texto  |b txt  |2 rdacontenido 
337 |a sin mediación  |b n  |2 rdamedio 
338 |a volumen  |b nc  |2 rdasoporte 
520 |a El objeto de esta obra es que sea útil para el diseño, análisis y manufactura de circuitos electrónicos así como el conocimiento de sus componentes con la referncia de sus propiedades físicas y de simulación. Se incluye descripción de y análisis del diseño y función de una amplia gama de sistemas análogos utilizando la simulación para demostrar la relación entre análisis y comportamiento de los circuitos. 
649 |a XX 
650 |a Reguladores de Voltaje 
650 |a Logaritmos 
650 |a Vectores 
650 |a Ecuaciones Diferenciales 
650 |a Circuitos Electrónicos -  |x Diseño y Construcción 
650 |a Ingeniería Electrónica 
910 |a Fondo General 
920 |a Impresos - Libros 
930 |a Colección General 
905 |a 101 
901 |a 0500086142  |b IT1  |c ACC  |u 20250521 
901 |a 0500086107  |b IT2  |c SWS  |u 20250521 
902 |a https://opac.biblio.iteso.mx/vufind/Record/000154442